000 00272nam a22001217a 4500
999 _c9573
_d9573
003 OSt
005 20210705105252.0
008 210705b ||||| |||| 00| 0 eng d
020 _a9783869224060
082 _a720.95845
245 _aAstana : architectural guide
942 _2ddc